Exports and GNP causality in the industrial countries: 1950-1985.

Vzťah medzi vývozom a HNP vyspelých krajín sa skúma za použitia informácií o konštantných medzinárodných cenách Summers-Hestona (1988) a údajov medzinárodnej finančnej štatistiky. Testovanie kauzálnej súvislosti sa konalo formou miery rastu. Niektoré rozdielnosti vo výsledkoch kauzálnej súvislosti p...

ver descrição completa

Na minha lista:
Detalhes bibliográficos
Autor principal: Afxentiou, P.C
Outros Autores: Serletis, A.
Formato: Capítulo de Livro
Idioma:inglês
Assuntos:
Tags: Adicionar Tag
Sem tags, seja o primeiro a adicionar uma tag!

MARC

LEADER 00000naa a2200000 4500
001 r004668
005 20221130103559.1
041 0 |a eng 
044 |a CH 
245 1 0 |a Exports and GNP causality in the industrial countries: 1950-1985.  |c P.C. Afxentiou, A. Serletis 
520 |a Vzťah medzi vývozom a HNP vyspelých krajín sa skúma za použitia informácií o konštantných medzinárodných cenách Summers-Hestona (1988) a údajov medzinárodnej finančnej štatistiky. Testovanie kauzálnej súvislosti sa konalo formou miery rastu. Niektoré rozdielnosti vo výsledkoch kauzálnej súvislosti podľa Grangera. Výsledky sú obdobné ako pri rozvojových krajinách. 
610 2 0 |a vývoz 
610 2 0 |a produkt národný 
610 2 0 |a ceny 
610 2 0 |a krajiny rozvojové 
610 2 0 |a 1950-1985 
610 2 0 |a štatistika 
100 1 |a Afxentiou, P.C. 
700 1 |a Serletis, A.